000 00792nam a2200253Ia 4500
003 OSt
005 20221006144928.0
006 a|||||r|||| 00| 0
007 ta
008 221006b |||||||| |||| 00| 0 eng d
024 _a13,226
037 _bGift,
_cTextual
040 _aEASL
_cEASL
_beng
041 _2eng
_aeng
082 _aV41,41:8.N5, J6
100 _aEN-LAI Chou
_9650178
245 0 _aProposals of the eighth national congress of the communist party of China for the second five year paln for development of the national economy 1958-1962
260 _aPeking
_bForeign Languages Press China
_c1956
300 _a106p.
_ccm.
490 _v TB
650 _aCEL
942 _hV41,41:8.N5, J6
_cTEXL
_2CC
999 _c1081312
_d1081312